Statistiques concernant Pokémon Platine - Tous les endroits de Sinnoh

Cliquez ici pour prendre le quiz!

Statistiques générales

  • Ce quiz a été pris 97 fois
  • Le résultat moyen est 63 sur 121

Statistiques - réponses

% Correct
Charbourg
94%
Féli-Cité
92%
Route 201
92%
Route 202
92%
Route 203
92%
Route 204
92%
Route 205
92%
Route 216
92%
Route 217
92%
Chenal 223
91%
Frimapic
91%
Route 206
91%
Route 207
91%
Route 208
91%
Route 209
91%
Route 210
91%
Route 211
91%
Route 212
91%
Route 213
91%
Route 214
91%
Route 215
91%
Route 218
91%
Route 219
91%
Route 222
91%
Chenal 220
89%
Chenal 226
89%
Ligue Pokémon
89%
Mont Couronné
89%
Route 221
89%
Route 225
89%
Route 227
89%
Unionpolis
89%
Joliberges
88%
Route 224
88%
Route 228
88%
Chenal 230
86%
Bonaugure
85%
Rivamar
85%
Route 229
85%
Vestigion
85%
Voilaroc
83%
Route Victoire
82%
Aire de Combat
80%
Floraville
80%
Lac Savoir
80%
Verchamps
80%
Lac Courage
79%
Lac Vérité
79%
Littorella
79%
Célestia
76%
Aire de Détente
74%
Bonville
73%
Ile de Fer
73%
Aire de Survie
70%
Colonnes Lances
67%
Les Eoliennes
59%
Monde Distorsion
58%
Forêt Vestigion
56%
Forge Fuego
52%
Ile Pleine Lune
48%
QG Galaxie
48%
Parc des Amis
45%
Mont Abrupt
44%
Zone de Combat
44%
Manoir Pokémon
42%
Temple Frimapic
42%
Ruines Bonville
41%
Rive Lac Savoir
39%
Vieux Château
39%
Grand Marais
38%
Grotte Revêche
38%
Mine Charbourg
38%
Rive Lac Courage
38%
Rive Lac Vérité
38%
Grotte Retour
35%
Casino
32%
Tour de Combat
32%
Pré Floraville
30%
Square Paisible
30%
Ile Nouvellune
29%
C. Com. Voilaroc
27%
Phare Panorama
27%
Bibl. Joliberges
24%
Entrée Charbourg
24%
Paradis Fleuri
23%
Passage Marin
23%
Chemin Rocheux
21%
Chemin Source
20%
Tunnel Ruineman.
18%
Usine de Combat
18%
Source Adieu
17%
Café
15%
Féli-Télé
15%
Pension Pokémon
15%
Salle Concours
15%
Grotte Ruineman.
14%
Jardin Trophée
14%
Castel de Combat
12%
Team G Vestigion
12%
Caverne Courage
11%
Caverne Savoir
11%
Caverne Verité
11%
Scène de Combat
11%
Arcade de Combat
9%
Pokémontre S.A.
8%
Villa
8%
Musée Minier
6%
Poffinerie
6%
Restaurant
6%
Marché Rivamar
5%
Abri Petipas
3%
Batiment étrange
3%
Café Combats
3%
Fleuriste
3%
Ruines Iceberg
3%
Salle MOTISMA
3%
Terminal Mondial
3%
Grand Lac
2%
Ruines de Fer
2%
Ruines Pic Roche
2%
Ecole Dresseurs
0%

Distribution des résultats

Percentile par nombre de réponses

% des personnes avec chaque résultat

Votre développement - résultats

Vous n’avez pas pris ce quiz